000 01007cam a22003137a 4500
003 CHAP
005 20220817041610.0
008 971013s1977 r 00010 d
010 _a19232
011 _a20204
035 _a24292
040 _cCHAP
090 _aFolleto 7291y
110 1 _aAmerican Concrete Institute. Detroit, Mich.
_95234
245 1 0 _aColocación de concreto por medio de bandas transportadoras; ACI-304
260 _aMéxico, D.F. :
_bAmerican Concrete Institute,
_c1977
300 _a52 p
490 0 _aNueva serie. IMCYC
_v; 14
590 _aBATCH-UPD
_b10
_c20130110
_lUCH01
_h0309
590 _aBATCH-UPD
_b10
_c20130110
_lUCH01
_h1755
590 _aCONVERSION
_b10
_c20130109
_lUCH01
_h1312
650 1 4 _aConcreto.
_926302
650 1 4 _aConcreto
_xConstrucciones.
_926304
710 0 _aInstituto Mexicano del Cemento y del Concreto.
_959264
830 0 _aNueva serie IMCYC
_v; 14
901 _aBK
942 _cFOLL
949 _aFolleto 7291y
_bBC
_cFOLL
_d-56048
_eTS1
_i24292
_si
999 _c19232
_d19232